Deutsche Fußballer bei Juventus Turin - Statistiken

Allgemein
  • Dieses Quiz wurde 231 mal gespielt
  • Das Durchschnittsergebnis liegt bei 3 aus 8
Antwortstatistiken
Zeitraum Spiele (Tore) Spieler % Korrekt
2015-2021 145 (21) Sami Khedira
92%
2018-2020 45 (5) Emre Can
72%
2017-2018 3 (1) Benedikt Höwedes
41%
1991-1995 145 (13) Jürgen Kohler
32%
1992-1994 78 (30) Andreas Möller
28%
1990-1991 45 (3) Thomas Häßler
19%
1991-1992 36 (0) Stefan Reuter
17%
1968-1973 174 (33) Helmut Haller
10%
Keine übereinstimmenden Quizze gefunden
Verteilung der Resultate
Anzahl Personen mit jedem Resultat
Perzentil nach korrekt beantworteten Fragen
Ihre Resultats-Entwicklung
Sie haben dieses Quiz noch nicht gespielt